[Event "ICS rated standard match"]
[Site "204.178.125.65"]
[Date "2001.08.30"]
[Round "?"]
[White "Expert13"]
[Black "Hossa"]
[Result "1/2-1/2"]
[WhiteElo "2168"]
[BlackElo "2350"]
[PlyCount "116"]
[EventDate "2001.??.??"]

1. e4 c5 2. Nf3 d6 3. d4 cxd4 4. Qxd4 Nc6 5. Qd3 Bg4 6. Nc3 Qd7 7. h3 Nb4 8.
Qd1 Bxf3 9. gxf3 g6 10. Bc4 Bg7 11. Bd2 Nf6 12. a3 Nc6 13. h4 Rc8 14. Bf1 Nh5
15. Bh3 f5 16. exf5 gxf5 17. Bf1 Rg8 18. Bc4 e6 19. Rg1 Nd4 20. Be2 Qf7 21. Bf1
d5 22. f4 Kf8 23. Rg5 Bf6 24. Rxh5 Nxc2+ 25. Qxc2 Qxh5 26. Qa4 Rg7 27. Qxa7
Qxh4 28. Qa5 Bd4 29. Nd1 Qh1 30. Qb4+ Bc5 31. Qb5 Rg1 32. Rc1 d4 33. Rxc5 Rxf1+
34. Qxf1 Qe4+ 35. Ne3 Rxc5 36. Bb4 b6 37. Qc4 dxe3 38. Qxe4 exf2+ 39. Kxf2 fxe4
40. Ke3 Ke7 41. Bxc5+ bxc5 42. b3 Kd7 43. Kxe4 Kc6 44. Kf3 Kd5 45. a4 c4 46.
bxc4+ Kxc4 47. Kg4 Kb4 48. a5 Kxa5 49. f5 h5+ 50. Kg5 exf5 51. Kxf5 Kb5 52. Ke4
Kc5 53. Kf3 Kd5 54. Kg2 Ke5 55. Kh3 Kf5 56. Kh4 Kg6 57. Kh3 Kf5 58. Kh4 Kg6 {
Game drawn by mutual agreement} 1/2-1/2

[Event "ICS rated blitz match"]
[Site "204.178.125.65"]
[Date "2001.08.30"]
[Round "?"]
[White "Hossa"]
[Black "nyul"]
[Result "1-0"]
[WhiteElo "2613"]
[BlackElo "2110"]
[PlyCount "39"]
[EventDate "2001.??.??"]

1. c4 e5 2. Nc3 d6 3. d4 exd4 4. Qxd4 Nc6 5. Qd2 Nf6 6. b3 Bf5 7. Bb2 Be7 8.
Nd5 O-O 9. Nxe7+ Qxe7 10. f3 d5 11. Qf4 Bg6 12. Bxf6 gxf6 13. cxd5 Nb4 14. d6
Qxd6 15. Qxd6 cxd6 16. Kf2 Nxa2 17. Rxa2 d5 18. e3 Rfc8 19. Ne2 Rc3 20. Nxc3 {
nyul resigns} 1-0

[Event "ICS rated blitz match"]
[Site "204.178.125.65"]
[Date "2001.08.30"]
[Round "?"]
[White "nyul"]
[Black "Hossa"]
[Result "0-1"]
[WhiteElo "2108"]
[BlackElo "2615"]
[PlyCount "90"]
[EventDate "2001.??.??"]

1. e4 c5 2. c4 Nc6 3. d3 g6 4. Nc3 Bg7 5. Nf3 d6 6. h3 f5 7. Be2 Nf6 8. O-O O-O
9. Be3 fxe4 10. dxe4 e5 11. Qd2 Nd4 12. Bd1 Qc7 13. Bh6 Be6 14. Bxg7 Qxg7 15.
b3 Bd7 16. Nh2 Rab8 17. a4 Bc6 18. Ng4 Nxe4 19. Nxe4 Bxe4 20. f3 Bf5 21. Nh6+
Kh8 22. Nxf5 gxf5 23. Kh2 f4 24. Bc2 Rg8 25. Rg1 Qg3+ 26. Kh1 Rg7 27. Raf1 Qh4
28. Bd1 Nf5 29. Kh2 Qg3+ 30. Kh1 Qg5 31. Kh2 Ne3 32. Rf2 Rd8 33. Bc2 Qg3+ 34.
Kh1 d5 35. cxd5 Rxd5 36. Qe2 Rd8 37. Be4 b6 38. Bd3 Rxd3 39. Qxd3 Ng4 40. Qd8+
Rg8 41. Qxg8+ Kxg8 42. fxg4 Qxf2 43. Kh2 Qg3+ 44. Kh1 f3 45. gxf3 Qxh3# {
nyul checkmated} 0-1

[Event "ICS rated blitz match"]
[Site "204.178.125.65"]
[Date "2001.08.30"]
[Round "?"]
[White "Hossa"]
[Black "nyul"]
[Result "1-0"]
[WhiteElo "2617"]
[BlackElo "2106"]
[PlyCount "113"]
[EventDate "2001.??.??"]

1. e4 e5 2. Nf3 Nc6 3. Bb5 a6 4. Bxc6 dxc6 5. d3 Bg4 6. h3 Bxf3 7. Qxf3 Qf6 8.
Qxf6 Nxf6 9. Ke2 O-O-O 10. Bg5 Be7 11. Nc3 h6 12. Bxf6 Bxf6 13. Kf3 Be7 14. Ne2
c5 15. Nc3 c6 16. Nd1 Kc7 17. Ne3 Bf6 18. a4 b6 19. Nc4 Kb7 20. a5 b5 21. Ne3
g6 22. Ng4 Bg7 23. Rab1 Rhe8 24. g3 Rd4 25. Ne3 h5 26. b3 Bh6 27. g4 h4 28.
Rbd1 Bxe3 29. Kxe3 Rd6 30. g5 f6 31. f4 exf4+ 32. Kxf4 Rf8 33. Kg4 fxg5 34.
Rhf1 Rdf6 35. Rxf6 Rxf6 36. Kxg5 Rf2 37. Rc1 Rg2+ 38. Kxh4 Kc7 39. c4 b4 40.
Rf1 Kd6 41. Rf6+ Ke5 42. Rxc6 Kd4 43. Rxa6 Kc3 44. Rc6 Kxb3 45. Rxc5 Kc3 46.
Rg5 Rxg5 47. Kxg5 b3 48. a6 b2 49. a7 b1=Q 50. a8=Q Qg1+ 51. Kf6 Kxd3 52. Qd5+
Kc3 53. e5 g5 54. e6 g4 55. Qe5+ Kxc4 56. e7 Qb6+ 57. Qe6+ {nyul resigns} 1-0

[Event "ICS rated blitz match"]
[Site "204.178.125.65"]
[Date "2001.08.30"]
[Round "?"]
[White "Hossa"]
[Black "alzatedario"]
[Result "1-0"]
[WhiteElo "2621"]
[BlackElo "2074"]
[PlyCount "109"]
[EventDate "2001.??.??"]

1. e4 c5 2. Nf3 e6 3. Qe2 Nc6 4. g3 g6 5. Bg2 Bg7 6. h4 h6 7. O-O Nge7 8. c3 b6
9. d3 a5 10. e5 Qc7 11. Re1 Ba6 12. Na3 b5 13. c4 b4 14. Nb5 Bxb5 15. cxb5 Na7
16. Be3 Rb8 17. d4 c4 18. Rac1 Nxb5 19. Rxc4 Qd8 20. Rc5 Na7 21. Rec1 Nac6 22.
Qd2 Nf5 23. Nh2 O-O 24. Bxc6 dxc6 25. Rxc6 Qd5 26. b3 Rfd8 27. R6c5 Qe4 28.
R1c4 Nxe3 29. Qxe3 Qb1+ 30. Rc1 Qxa2 31. R5c2 Qa3 32. Ng4 Kh7 33. Rc7 Rf8 34.
Nf6+ Bxf6 35. exf6 a4 36. bxa4 Qxe3 37. fxe3 Ra8 38. Ra1 h5 39. Kf2 g5 40. hxg5
Kg6 41. Rc5 Rfb8 42. a5 b3 43. Kf3 b2 44. Rb1 Rb3 45. Ke4 Rab8 46. a6 Ra3 47.
Rc2 Kxg5 48. Rcxb2 Rxb2 49. Rxb2 Rxa6 50. Rb5+ Kg4 51. Rb7 Kxg3 52. Rxf7 h4 53.
Rg7+ Kf2 54. f7 Ra3 55. f8=Q+ {alzatedario resigns} 1-0

[Event "ICS rated blitz match"]
[Site "204.178.125.65"]
[Date "2001.08.30"]
[Round "?"]
[White "Sjeng"]
[Black "Hossa"]
[Result "1/2-1/2"]
[WhiteElo "2492"]
[BlackElo "2622"]
[PlyCount "218"]
[EventDate "2001.??.??"]

1. c4 e5 2. Nc3 Be7 3. Nf3 Nc6 4. e4 d6 5. Be2 f5 6. d4 Nxd4 7. Nxd4 exd4 8.
Qxd4 Nf6 9. exf5 Bxf5 10. Nd5 O-O 11. Be3 c6 12. Nxe7+ Qxe7 13. O-O d5 14. Rfe1
Qf7 15. Rad1 Be6 16. b3 dxc4 17. Bxc4 Bxc4 18. Qxc4 Rfe8 19. Qxf7+ Kxf7 20. Bd4
Rxe1+ 21. Rxe1 Nd5 22. f3 b6 23. Kf2 Nb4 24. Re2 Rd8 25. Bc3 Nd5 26. Be5 Re8
27. f4 h5 28. Kf3 a5 29. Re4 b5 30. Bd4 Rxe4 31. Kxe4 a4 32. g3 Nb4 33. a3 Nc2
34. bxa4 bxa4 35. Bc5 h4 36. gxh4 Kf6 37. f5 Ne1 38. Be3 Nc2 39. Bg5+ Kf7 40.
Bc1 Kf6 41. h5 Kf7 42. Kd3 Na1 43. h6 gxh6 44. Bxh6 Kf6 45. Ke4 Nb3 46. Be3 Na5
47. h4 Nc4 48. Bd4+ Kf7 49. h5 Nxa3 50. h6 Kg8 51. f6 Nc4 52. Bc5 a3 53. h7+
Kxh7 54. f7 a2 55. f8=Q a1=Q 56. Qf7+ Qg7 57. Qxc4 Qg4+ 58. Kd3 Qxc4+ 59. Kxc4
Kh8 60. Kd4 Kg8 61. Ke4 Kh8 62. Ke5 Kg8 63. Kf6 Kh8 64. Kf5 Kg8 65. Kg6 Kh8 66.
Kf6 Kg8 67. Kg6 Kh8 68. Kf6 Kg8 69. Ke6 Kh8 70. Kd7 Kg8 71. Ke6 Kh8 72. Kf5 Kg8
73. Kf6 Kh8 74. Kg6 Kg8 75. Bb4 Kh8 76. Bc3+ Kg8 77. Kf5 Kh7 78. Be5 Kg8 79.
Ke6 Kh7 80. Kf6 Kh8 81. Bb2 Kg8 82. Ke6 Kh7 83. Kf5 Kg8 84. Kf6 Kh8 85. Kf5+
Kg8 86. Kf6 Kh8 87. Bc3 Kg8 88. Ke7 Kh7 89. Kf7 Kh6 90. Kf6 Kh7 91. Kf5 Kg8 92.
Ke6 Kh7 93. Kd6 Kg8 94. Kc5 Kh7 95. Bb2 Kg8 96. Be5 Kh7 97. Bc7 Kh8 98. Bf4 Kg8
99. Bc1 Kh8 100. Bb2+ Kg8 101. Ba1 Kh7 102. Bc3 Kg8 103. Bb2 Kh7 104. Be5 Kg8
105. Ba1 Kh7 106. Kd4 Kh8 107. Ke5 Kg8 108. Ke6 Kh7 109. Be5 Kg8 {
Game drawn by the 50 move rule} 1/2-1/2

[Event "ICS rated blitz match"]
[Site "204.178.125.65"]
[Date "2001.08.30"]
[Round "?"]
[White "Tinker"]
[Black "Hossa"]
[Result "0-1"]
[WhiteElo "2500"]
[BlackElo "2616"]
[PlyCount "164"]
[EventDate "2001.??.??"]

1. e4 c5 2. Nf3 d6 3. d4 cxd4 4. Nxd4 Nf6 5. Nc3 a6 6. Bg5 e6 7. f4 Qb6 8. Nb3
Nbd7 9. Qf3 Be7 10. Be2 Qc7 11. Qg3 b5 12. a3 Bb7 13. Nd2 Rc8 14. O-O Qc5+ 15.
Kh1 h6 16. Bh4 O-O 17. Rad1 Qc7 18. f5 Ne5 19. Bxf6 Bxf6 20. fxe6 fxe6 21. Nb3
Qe7 22. Nd4 Rce8 23. Bh5 Bh4 24. Qh3 g6 25. Be2 Rxf1+ 26. Rxf1 Bg5 27. Nb3 Rf8
28. Rxf8+ Kxf8 29. Nd4 Kf7 30. a4 b4 31. Nd1 Qf6 32. c3 Bxe4 33. Bxa6 bxc3 34.
bxc3 Bd5 35. Kg1 Qf4 36. Be2 Qe4 37. Qg3 Bh4 38. Qh3 Kg7 39. Ne3 Ba2 40. Nec2
Bd8 41. Qe3 Qxe3+ 42. Nxe3 Ba5 43. Nd1 Bd5 44. Kf1 h5 45. Nb5 Bc6 46. Nxd6 Bxa4
47. Nb7 Bb6 48. Nf2 Bc2 49. Nd6 Be3 50. c4 h4 51. Nb5 Bf4 52. Kg1 Bf5 53. Nd4
Be3 54. Nxf5+ gxf5 55. Kf1 Kf6 56. g3 hxg3 57. hxg3 Bd4 58. Kg2 Nd7 59. Nd3 e5
60. Nb4 e4 61. Kh3 Ne5 62. Nd5+ Ke6 63. Kh4 Nf3+ 64. Kh5 Be5 65. g4 f4 66. g5
Nd2 67. Bg4+ Kd6 68. Nf6 e3 69. Nd5 Nxc4 70. Nb4 Nd2 71. Nc2 Bc3 72. Bd1 Ne4
73. Kh4 Ke5 74. Bf3 Nf2 75. Kh5 Nd3 76. g6 Kf5 77. Kh6 Ne5 78. Bh5 Ng4+ 79. Kh7
Nf6+ 80. Kh6 Nxh5 81. Kxh5 e2 82. Ne1 Ke4 {Tinker resigns} 0-1

[Event "ICS rated blitz match"]
[Site "204.178.125.65"]
[Date "2001.08.30"]
[Round "?"]
[White "Hossa"]
[Black "Tinker"]
[Result "1-0"]
[WhiteElo "2627"]
[BlackElo "2489"]
[PlyCount "93"]
[EventDate "2001.??.??"]

1. e4 c5 2. Nc3 Nc6 3. Nf3 d6 4. d4 cxd4 5. Nxd4 e6 6. Be3 Nge7 7. Bc4 Nxd4 8.
Bxd4 Bd7 9. O-O Nc6 10. Bb5 Nxd4 11. Qxd4 Bxb5 12. Nxb5 a6 13. Nc3 Qg5 14. Qb6
Be7 15. Qxb7 O-O 16. Qd7 Rfc8 17. Rfd1 Rab8 18. Rab1 a5 19. g3 Rc4 20. Qa7 Rcb4
21. f4 Qc5+ 22. Qxc5 dxc5 23. b3 Rd4 24. Kf2 Rbd8 25. Rxd4 cxd4 26. Nb5 Rc8 27.
Nxd4 Bc5 28. Rd1 f6 29. Ke2 Bxd4 30. Rxd4 Rxc2+ 31. Rd2 Rc3 32. Kd1 Re3 33. Rd4
Rc3 34. Rc4 Rxc4 35. bxc4 Kf7 36. Kc2 Ke8 37. Kb3 Kd7 38. c5 Kc6 39. Kc4 a4 40.
f5 exf5 41. exf5 a3 42. h4 Kc7 43. Kd5 g6 44. fxg6 hxg6 45. g4 f5 46. gxf5 gxf5
47. c6 {Tinker resigns} 1-0

[Event "ICS rated blitz match"]
[Site "204.178.125.65"]
[Date "2001.08.30"]
[Round "?"]
[White "Tinker"]
[Black "Hossa"]
[Result "1-0"]
[WhiteElo "2479"]
[BlackElo "2637"]
[PlyCount "73"]
[EventDate "2001.??.??"]

1. e4 c5 2. Nf3 d6 3. d4 cxd4 4. Nxd4 Nf6 5. Nc3 a6 6. Bg5 e6 7. f4 Qb6 8. Nb3
Nbd7 9. Qf3 Be7 10. Be2 Qc7 11. Qg3 b5 12. a3 Bb7 13. Nd2 Rc8 14. O-O Qc5+ 15.
Kh1 h6 16. Bh4 O-O 17. Rad1 Qc7 18. Bf3 Nb6 19. Nb3 Na4 20. e5 dxe5 21. fxe5
Bxf3 22. exf6 Bxf6 23. Rxf3 Be5 24. Qg4 Nxb2 25. Rd4 Bxd4 26. Nxd4 Kh8 27. Nce2
Nc4 28. Rh3 Kh7 29. Nf4 Rfe8 30. Bf6 Rg8 31. Ndxe6 Qe5 32. Bxe5 Nxe5 33. Qf5+
Kh8 34. Ng5 g6 35. Rxh6+ Kg7 36. Nfe6+ Kxh6 37. Qh3# {Hossa checkmated} 1-0

[Event "ICS rated standard match"]
[Site "204.178.125.65"]
[Date "2001.08.30"]
[Round "?"]
[White "Hossa"]
[Black "ChessDiablo"]
[Result "0-1"]
[WhiteElo "2310"]
[BlackElo "2319"]
[PlyCount "149"]
[EventDate "2001.??.??"]

1. e4 c6 2. d3 d5 3. Nd2 e5 4. Ngf3 Bd6 5. Qe2 Qe7 6. d4 exd4 7. exd5 cxd5 8.
Nxd4 Nc6 9. N2b3 Nf6 10. Qxe7+ Kxe7 11. Bd2 Re8 12. O-O-O Ng4 13. Re1+ Kf8 14.
Rxe8+ Kxe8 15. Bb5 Bd7 16. f3 Nge5 17. Re1 Kf8 18. Nxc6 bxc6 19. Be2 c5 20. Be3
d4 21. Bf4 Nd3+ 22. Bxd3 Bxf4+ 23. Kb1 Rc8 24. g3 Be3 25. Bc4 Rc7 26. f4 a5 27.
a3 f6 28. Nc1 Ke7 29. Ne2 Kd8 30. Nc1 g6 31. b3 a4 32. bxa4 Bxa4 33. Nb3 Kd7
34. Kb2 Kd6 35. Rb1 Rb7 36. Ka2 Ra7 37. Rd1 f5 38. Re1 Bd7 39. c3 Bc6 40. cxd4
cxd4 41. Rb1 Be4 42. Rd1 Bc2 43. Re1 Rc7 44. Na5 Be4 45. Bb3 Rc1 46. Rxc1 Bxc1
47. a4 Kc5 48. Bd1 Kb4 49. Nb3 Be3 50. a5 d3 51. h3 Kc3 52. Ka3 Bg2 53. h4 Bf2
54. g4 fxg4 55. Bxg4 Bxh4 56. a6 Be7+ 57. Ka2 h5 58. Be6 h4 59. a7 d2 60. Nxd2
Kxd2 61. Kb3 Bc5 62. a8=Q Bxa8 63. Kc4 Bd6 64. Bh3 Bxf4 65. Kd4 Bf3 66. Be6 g5
67. Bh3 g4 68. Bf1 h3 69. Kc5 h2 70. Kd4 h1=Q 71. Bd3 Qa1+ 72. Kc4 Qc3+ 73. Kb5
Kxd3 74. Kb6 Qc6+ 75. Ka7 {Hossa resigns} 0-1

[Event "ICS rated standard match"]
[Site "204.178.125.65"]
[Date "2001.08.30"]
[Round "?"]
[White "ChessDiablo"]
[Black "Hossa"]
[Result "1-0"]
[WhiteElo "2342"]
[BlackElo "2297"]
[PlyCount "77"]
[EventDate "2001.??.??"]

1. c4 e5 2. Nc3 Nf6 3. Nf3 Nc6 4. g3 Be7 5. Bg2 O-O 6. O-O d6 7. d4 exd4 8.
Nxd4 Ne5 9. b3 c6 10. Bb2 Bd7 11. Qc2 Qc8 12. e4 Bh3 13. f4 Ng6 14. Rad1 Bxg2
15. Kxg2 Ng4 16. Qd3 Nh6 17. Nf5 Nxf5 18. exf5 Nh8 19. g4 f6 20. Rfe1 Re8 21.
Qh3 Nf7 22. Re6 Qd7 23. Qh5 Rab8 24. Rd2 a6 25. g5 fxg5 26. Ne4 Bf8 27. Re2 d5
28. Nxg5 h6 29. Bxg7 hxg5 30. Bc3 Bg7 31. Bxg7 Kxg7 32. f6+ Kf8 33. Qh7 Ne5 34.
Qh6+ Kg8 35. R2xe5 dxc4 36. Rxe8+ Rxe8 37. Rxe8+ Kf7 38. Qg7+ Kxe8 39. Qg8# {
Hossa checkmated} 1-0

[Event "ICS rated standard match"]
[Site "204.178.125.65"]
[Date "2001.08.30"]
[Round "?"]
[White "Hossa"]
[Black "Expert13"]
[Result "0-1"]
[WhiteElo "2285"]
[BlackElo "2196"]
[PlyCount "179"]
[EventDate "2001.??.??"]

1. c4 Nf6 2. d4 e6 3. Nc3 d5 4. e3 Bb4 5. Bd2 dxc4 6. Bxc4 Nbd7 7. Nf3 O-O 8.
O-O a5 9. Qe2 Nb6 10. Bd3 Nfd7 11. e4 f6 12. Bf4 e5 13. Bg3 Qe7 14. Nb5 c6 15.
a3 cxb5 16. axb4 Qxb4 17. Bxb5 a4 18. Rfc1 exd4 19. Rd1 Ne5 20. Nxd4 Rd8 21.
Bxe5 fxe5 22. Nc2 Rxd1+ 23. Rxd1 Qe7 24. Nb4 Be6 25. Nd5 Qc5 26. Nxb6 Qxb6 27.
Bc4 Kf8 28. Bd5 Bxd5 29. exd5 Qd6 30. Qb5 Ra7 31. Qd3 g6 32. Qc3 Kg8 33. g3 Ra8
34. h3 Kg7 35. Kg2 h5 36. f4 Re8 37. h4 Kf7 38. fxe5 Rxe5 39. Qc4 Re3 40. Rf1+
Ke7 41. Rf4 Re5 42. Rd4 b6 43. Kh3 Re3 44. Re4+ Rxe4 45. Qxe4+ Kd8 46. Qd4 b5
47. Kg2 b4 48. Qh8+ Kc7 49. Qd4 a3 50. Qa7+ Kd8 51. Qa8+ Ke7 52. bxa3 bxa3 53.
Qa7+ Ke8 54. Qa4+ Ke7 55. Qa7+ Kf6 56. Qd4+ Kf7 57. Qc4 Kf8 58. Qd4 Kf7 59. Qc4
Ke7 60. Qd4 Kd8 61. Kh2 Ke8 62. Kg2 Kf8 63. Qc4 Kg7 64. Qc3+ Kf8 65. Qd4 Qe7
66. Qf4+ Kg7 67. Qd4+ Kf8 68. Qf4+ Kg8 69. Qc4 Kh7 70. Kf3 Qf6+ 71. Ke4 Qf7 72.
Qb3 Qe7+ 73. Kf3 Qf6+ 74. Ke4 Qb2 75. Qe3 Qb1+ 76. Kf3 Qf1+ 77. Ke4 Qf5+ 78.
Kd4 a2 79. Qe7+ Kh6 80. Qe3+ Kg7 81. Qe7+ Qf7 82. Qa3 Qf2+ 83. Kc4 Qf1+ 84. Kc5
a1=Q 85. Qxa1+ Qxa1 86. Kb5 Qd4 87. Kc6 Qc3+ 88. Kb5 Qxg3 89. d6 Qxd6 90. Kc4 {
Hossa resigns} 0-1

[Event "ICS rated blitz match"]
[Site "204.178.125.65"]
[Date "2001.08.30"]
[Round "?"]
[White "Hossa"]
[Black "Tinker"]
[Result "1/2-1/2"]
[WhiteElo "2631"]
[BlackElo "2465"]
[PlyCount "106"]
[EventDate "2001.??.??"]

1. e4 c5 2. Nf3 e6 3. Qe2 a6 4. g3 b5 5. Bg2 Bb7 6. O-O Be7 7. a4 h5 8. axb5 h4
9. e5 h3 10. Bh1 Qb6 11. Ne1 Bxh1 12. Kxh1 Qb7+ 13. f3 axb5 14. Rxa8 Qxa8 15.
Nc3 b4 16. Nb5 Qc6 17. c4 bxc3 18. dxc3 Nh6 19. Nc2 Nf5 20. Rd1 f6 21. exf6
gxf6 22. c4 Na6 23. Ne3 Nxe3 24. Bxe3 d6 25. Bd2 Rh5 26. Ra1 Kf7 27. Kg1 Re5
28. Qd3 Rh5 29. Bf4 Nb4 30. Qe2 d5 31. Ra7 e5 32. Bd2 Rh7 33. Rc7 Qe6 34. Bxb4
cxb4 35. Qd3 Rh5 36. cxd5 Qb6+ 37. Kf1 e4 38. fxe4 Kf8 39. Nd4 Ke8 40. Rc8+ Kd7
41. Qc4 Bd6 42. Ne6 Bxg3 43. hxg3 h2 44. Nf8+ Ke7 45. d6+ Qxd6 46. Rc7+ Qxc7
47. Qxc7+ Kxf8 48. Qd8+ Kf7 49. Qd7+ Kf8 50. Qd6+ Kf7 51. Qd7+ Kf8 52. Qd6+ Kf7
53. Qd7+ Kf8 {Game drawn by repetition} 1/2-1/2

[Event "ICS rated blitz match"]
[Site "204.178.125.65"]
[Date "2001.08.30"]
[Round "?"]
[White "Tinker"]
[Black "Hossa"]
[Result "1/2-1/2"]
[WhiteElo "2472"]
[BlackElo "2624"]
[PlyCount "342"]
[EventDate "2001.??.??"]

1. e4 c5 2. Nf3 d6 3. d4 cxd4 4. Nxd4 Nf6 5. Nc3 a6 6. Be2 e6 7. O-O Be7 8. f4
O-O 9. Kh1 b6 10. e5 dxe5 11. fxe5 Nfd7 12. Bd3 Nxe5 13. Bxh7+ Kxh7 14. Qh5+
Kg8 15. Qxe5 Bf6 16. Qe4 Qe7 17. Be3 Bb7 18. Qg4 Nd7 19. Qh3 Ne5 20. Bf2 Rfc8
21. Nce2 Nc4 22. b3 Nd2 23. Rfe1 Ne4 24. Be3 Rc5 25. a3 g6 26. Qg4 Rh5 27. c3
Bg5 28. Bg1 Qc7 29. Rf1 Re8 30. Qf3 e5 31. Ng3 Rh3 32. Nxe4 Rxf3 33. Nxf3 Be7
34. Rae1 f5 35. Ned2 e4 36. Nd4 Bxa3 37. Nc4 Bf8 38. Ne2 b5 39. Ne3 Bg7 40. Rc1
Qd7 41. c4 Be5 42. Rfd1 Qe7 43. c5 Qe6 44. Nd4 Bxd4 45. Rxd4 Qxb3 46. c6 Qa3
47. Rdd1 Bc8 48. Nd5 Kf7 49. Bc5 Qb2 50. Be3 Be6 51. Nb6 Qe2 52. Bg1 b4 53. Re1
Qb2 54. c7 Qh8 55. Rc5 b3 56. Rd1 g5 57. Bd4 Qg8 58. Rdc1 Bc8 59. Rb1 f4 60.
Nc4 Kg6 61. Nd6 Re6 62. Nxc8 Qxc8 63. Rxb3 Re8 64. Rb6+ Kh5 65. Rb8 Qxb8 66.
cxb8=Q Rxb8 67. g3 f3 68. h3 Rb4 69. Bf2 Rb2 70. Kg1 Re2 71. Rc3 a5 72. Rb3 Kh6
73. Ra3 a4 74. Be3 Kh5 75. Kf1 Rb2 76. Ra1 Rb4 77. Ra2 Rb3 78. Kf2 a3 79. Bd4
g4 80. hxg4+ Kxg4 81. Ra1 Rd3 82. Be3 Rc3 83. Bd4 Rc2+ 84. Kf1 a2 85. Re1 Kxg3
86. Be5+ Kg4 87. Rxe4+ Kf5 88. Re1 Ke6 89. Ba1+ Kd5 90. Re5+ Kc4 91. Re4+ Kd3
92. Rd4+ Ke3 93. Rd1 Rf2+ 94. Kg1 Rg2+ 95. Kf1 Re2 96. Bd4+ Ke4 97. Bf6 Rg2 98.
Re1+ Kd5 99. Re5+ Kc4 100. Ra5 Rh2 101. Ra8 Rd2 102. Bh8 Rg2 103. Rc8+ Kd3 104.
Ra8 Rc2 105. Bg7 Re2 106. Rd8+ Kc4 107. Rd4+ Kc5 108. Ra4 Rh2 109. Be5 Rh5 110.
Bd4+ Kd5 111. Bf2 Rh8 112. Rxa2 Rc8 113. Be3 Ke4 114. Kf2 Rc4 115. Bh6 Rb4 116.
Rc2 Rd4 117. Rc1 Rd3 118. Re1+ Kd5 119. Be3 Ke4 120. Rb1 Kf5 121. Kxf3 Rd5 122.
Rb3 Re5 123. Bd4 Rd5 124. Ke3 Kg5 125. Rb8 Rf5 126. Bb2 Rf1 127. Rg8+ Kh5 128.
Ke4 Re1+ 129. Kd4 Rf1 130. Rg2 Re1 131. Kd5 Rf1 132. Bc3 Rd1+ 133. Ke4 Rf1 134.
Be5 Rf7 135. Rg1 Rf8 136. Bg7 Rf7 137. Ke5 Rf3 138. Bf6 Rh3 139. Rg5+ Kh6 140.
Kf4 Rd3 141. Bg7+ Kh7 142. Kf5 Re3 143. Be5 Rf3+ 144. Bf4 Rh3 145. Rg2 Rf3 146.
Ke4 Rh3 147. Be3 Rh4+ 148. Kd5 Rh3 149. Kd4 Rf3 150. Bc1 Rh3 151. Ke4 Rc3 152.
Bb2 Rh3 153. Kd4 Rf3 154. Rg5 Rf2 155. Bc1 Rf1 156. Be3 Re1 157. Rg4 Rf1 158.
Bf4 Re1 159. Rg2 Rf1 160. Ke5 Re1+ 161. Kf5 Rf1 162. Rg5 Rh1 163. Ke5 Rf1 164.
Rg4 Re1+ 165. Kf6 Ra1 166. Rg7+ Kh8 167. Be5 Rf1+ 168. Kg5 Rg1+ 169. Kf4 Rf1+
170. Ke4 Re1+ 171. Kd4 Rd1+ {Game drawn by the 50 move rule} 1/2-1/2

[Event "ICS rated blitz match"]
[Site "204.178.125.65"]
[Date "2001.08.30"]
[Round "?"]
[White "Hossa"]
[Black "kleo"]
[Result "1-0"]
[WhiteElo "2617"]
[BlackElo "2288"]
[PlyCount "22"]
[EventDate "2001.??.??"]

1. e4 e5 2. Nf3 Nf6 3. Nxe5 d6 4. Nxf7 Kxf7 5. Nc3 Nc6 6. d4 Qe8 7. Be3 Nxe4 8.
Bc4+ Be6 9. d5 Nc5 10. dxe6+ Nxe6 11. Nd5 Ne5 {kleo resigns} 1-0

[Event "ICS rated blitz match"]
[Site "204.178.125.65"]
[Date "2001.08.30"]
[Round "?"]
[White "Bernardov"]
[Black "Hossa"]
[Result "0-1"]
[WhiteElo "2169"]
[BlackElo "2623"]
[PlyCount "110"]
[EventDate "2001.??.??"]

1. d4 e6 2. c4 d5 3. Nf3 dxc4 4. e3 b5 5. a4 c6 6. b3 cxb3 7. axb5 Qd5 8. bxc6
Bb4+ 9. Bd2 Nxc6 10. Bd3 b2 11. Ra4 Rb8 12. O-O Nge7 13. Qc2 Bxd2 14. Qxd2 O-O
15. Nc3 Qb3 16. Rb1 Nd5 17. Nxd5 Qxa4 18. Nf4 Bd7 19. Bc2 Qb4 20. Qe2 Rb6 21.
Bxh7+ Kxh7 22. Ng5+ Kg8 23. Qh5 Qe1+ 24. Rxe1 b1=Q 25. h3 f6 26. Rxb1 Rxb1+ 27.
Kh2 fxg5 28. Qg6 Rxf4 29. Qxb1 Rxf2 30. Qb7 Be8 31. Qc8 Kf7 32. Kg3 Ra2 33.
Qc7+ Ne7 34. e4 Bc6 35. Qe5 Re2 36. Qxg5 Nf5+ 37. Kh2 Rxe4 38. g4 Re2+ 39. Kg1
Rg2+ 40. Kf1 Ng3+ 41. Ke1 Rg1+ 42. Kf2 Ne4+ 43. Kxg1 Nxg5 44. h4 a5 45. hxg5 a4
46. Kf2 a3 47. d5 exd5 48. Kg3 Kg6 49. Kh4 d4 50. Kg3 d3 51. Kf4 d2 52. Ke5
d1=Q 53. Ke6 Qd5+ 54. Ke7 Qd7+ 55. Kf8 Qf7# {Bernardov checkmated} 0-1

[Event "ICS rated blitz match"]
[Site "204.178.125.65"]
[Date "2001.08.31"]
[Round "?"]
[White "kako"]
[Black "Hossa"]
[Result "0-1"]
[WhiteElo "2046"]
[BlackElo "2610"]
[PlyCount "72"]
[EventDate "2001.??.??"]

1. e4 e6 2. d4 d5 3. Nc3 Bb4 4. e5 c5 5. a3 Bxc3+ 6. bxc3 Ne7 7. Nf3 Qc7 8. a4
Nbc6 9. Ba3 cxd4 10. cxd4 Bd7 11. Bd3 Nxd4 12. O-O Nxf3+ 13. Qxf3 Qxe5 14. Rab1
Bc6 15. Bb5 Bxb5 16. Rxb5 b6 17. a5 Nf5 18. Bb2 Qc7 19. Rxd5 exd5 20. Qxf5 Kf8
21. Qxd5 Rd8 22. axb6 axb6 23. Ba3+ Kg8 24. Re1 h5 25. Qe4 Rh6 26. Qa4 Rc6 27.
g3 Rxc2 28. Re8+ Rxe8 29. Qxe8+ Kh7 30. Qe4+ g6 31. Qe8 Qc4 32. Qe7 Qa2 33. Qf6
Qxa3 34. Qxf7+ Kh6 35. Qf4+ Kg7 36. Qe5+ Kh7 {kako resigns} 0-1

[Event "ICS rated blitz match"]
[Site "204.178.125.65"]
[Date "2001.08.31"]
[Round "?"]
[White "Hossa"]
[Black "kako"]
[Result "1-0"]
[WhiteElo "2611"]
[BlackElo "2045"]
[PlyCount "35"]
[EventDate "2001.??.??"]

1. e4 e5 2. Nf3 Nc6 3. Bb5 f5 4. d3 fxe4 5. dxe4 Nf6 6. Bxc6 bxc6 7. Qe2 d6 8.
O-O Bg4 9. Bg5 Be7 10. Nbd2 Qd7 11. h3 Be6 12. Nc4 O-O 13. Rfd1 Qe8 14. b3 Qg6
15. Na5 Bd8 16. Nxc6 Nxe4 17. Bxd8 Raxd8 18. Ne7+ {kako resigns} 1-0

[Event "ICS rated blitz match"]
[Site "204.178.125.65"]
[Date "2001.08.31"]
[Round "?"]
[White "Hossa"]
[Black "nyul"]
[Result "1-0"]
[WhiteElo "2612"]
[BlackElo "2103"]
[PlyCount "103"]
[EventDate "2001.??.??"]

1. e4 e5 2. Nf3 Nc6 3. Bb5 a6 4. Bxc6 dxc6 5. d3 Bg4 6. h3 Bxf3 7. Qxf3 Qf6 8.
Qxf6 gxf6 9. Ke2 Bh6 10. Bxh6 Nxh6 11. g4 Ng8 12. Nd2 Ne7 13. Nf1 Ng6 14. Ng3
O-O-O 15. Nh5 Rd6 16. f4 exf4 17. Rhf1 Kd7 18. Nxf4 Nxf4+ 19. Rxf4 Ke7 20. Raf1
h5 21. g5 fxg5 22. Rxf7+ Kd8 23. Rg7 g4 24. hxg4 hxg4 25. Rff7 g3 26. Kf3 g2
27. Kxg2 Rdh6 28. Rd7+ Kc8 29. Rxc7+ Kb8 30. Rxb7+ Ka8 31. Ra7+ Kb8 32. Rgb7+
Kc8 33. Rc7+ Kb8 34. Rab7+ Ka8 35. Rb6 Rh2+ 36. Kf3 Rxc2 37. Rxa6+ Kb8 38.
Rcxc6 Rxb2 39. d4 Kb7 40. d5 Rh3+ 41. Kg4 Re3 42. Kf4 Ree2 43. a3 Rbd2 44.
Rab6+ Ka7 45. Rb4 Rf2+ 46. Ke5 Rd3 47. a4 Rf8 48. Rbb6 Rh3 49. Ra6+ Kb7 50.
Rcb6+ Kc7 51. d6+ Kc8 52. Ra8+ {nyul resigns} 1-0

[Event "ICS rated blitz match"]
[Site "204.178.125.65"]
[Date "2001.08.31"]
[Round "?"]
[White "nyul"]
[Black "Hossa"]
[Result "0-1"]
[WhiteElo "2101"]
[BlackElo "2614"]
[PlyCount "48"]
[EventDate "2001.??.??"]

1. e4 e6 2. d4 d5 3. exd5 exd5 4. Bd3 Bd6 5. Nf3 Nf6 6. O-O O-O 7. Bg5 Re8 8.
Nbd2 Bg4 9. c3 Nbd7 10. Qc2 Qb8 11. Rfe1 Rxe1+ 12. Rxe1 Qf8 13. Bf5 Re8 14.
Rxe8 Qxe8 15. h3 Bxf5 16. Qxf5 h6 17. Be3 c6 18. g4 b6 19. Kg2 Bb8 20. Nf1 Ne4
21. g5 g6 22. Qg4 h5 23. Qh4 Nd6 24. N3d2 Nf5 {nyul resigns} 0-1

[Event "ICS rated blitz match"]
[Site "204.178.125.65"]
[Date "2001.08.31"]
[Round "?"]
[White "Hossa"]
[Black "nyul"]
[Result "1-0"]
[WhiteElo "2616"]
[BlackElo "2099"]
[PlyCount "55"]
[EventDate "2001.??.??"]

1. e4 e5 2. Nf3 Nc6 3. Bb5 a6 4. Bxc6 dxc6 5. d3 Bg4 6. h3 Bxf3 7. Qxf3 Qf6 8.
Qxf6 gxf6 9. Ke2 Bh6 10. Bxh6 Nxh6 11. f4 Ke7 12. Ke3 Ke6 13. Nd2 exf4+ 14.
Kxf4 c5 15. Rhf1 Rhd8 16. Rf2 Ng8 17. Raf1 b5 18. Ke3 Rd7 19. Nb3 Kd6 20. Rf5
c4 21. dxc4 bxc4 22. Nc5 Re7 23. Kd4 Kc6 24. Rxf6+ Nxf6 25. Rxf6+ Kb5 26. a4+
Kb4 27. c3+ Ka5 28. Kxc4 {nyul resigns} 1-0